Stadiony klubów piłkarskich - Statystyki

Ogólne statystyki
  • Ten quiz został rozwiązany 142 razy
  • Średni wynik to 7 z 10
Statystyki odpowiedzi
Klub Stadion % Poprawnych
Barcelona Camp Nou
98%
Real Madryt Santiago Bernabeu
97%
Milan San Siro
89%
Bayern Monachium Allianz Arena
87%
Liverpool Anfield
82%
Manchester United Old Trafford
81%
Atletico Madryt Wanda Metro Politano
72%
Chelsea Stamford Bridge
68%
Inter Mediolan Giuseppe Meazza
41%
Como Sinigaglia
2%
Nie znaleziono quizów pasujących do podanych kryteriów
Rozkład punktacji
Procent ludzi z każdym wynikiem
Percentyl według liczby udzielonych odpowiedzi
Twoja historia wyników
Nie rozwiązałeś tego quizu